In search of Captain Cook : exploring the man through his own words /

Bibliographic Details
Main Author: O'Sullivan, Dan
Format: Book
Language:English
Published: London ; New York : I.B. Tauris ; 2008.
Subjects:

MARC

Tag First Indicator Second Indicator Subfields
LEADER 00000cam a2200000 a 4500
001 in00002394894
005 20151109064902.0
008 071008s2008 enkab b 001 0beng
015 |a GBA784469  |2 bnb 
016 7 |a 014101118  |2 Uk 
019 |a 148904998 
020 |a 9781845114831 (hbk.) 
020 |a 1845114833 (hbk.) 
029 1 |a NZ1  |b 11611293 
029 1 |a NLGGC  |b 309395143 
035 |a (OCoLC)ocn175284610 
035 |a (OCoLC)175284610  |z (OCoLC)148904998 
040 |a UKM  |c UKM  |d BTCTA  |d YDXCP  |d BAKER  |d OCLCQ  |d BWKUK  |d BWX  |d UtOrBLW 
043 |a e-uk--- 
049 |a TXAM 
050 4 |a G246.C7  |b O88 2008 
082 0 4 |a 910.92  |2 22 
100 1 |a O'Sullivan, Dan. 
245 1 0 |a In search of Captain Cook :  |b exploring the man through his own words /  |c Dan O'Sullivan. 
264 1 |a London ;  |a New York :  |b I.B. Tauris ;  |c 2008. 
264 2 |a New York :  |b Distributed in the USA by Palgrave Macmillan, 
300 |a 263 pages :  |b illustrations, maps ;  |c 24 cm. 
336 |a text  |b txt  |2 rdacontent 
337 |a unmediated  |b n  |2 rdamedia 
338 |a volume  |b nc  |2 rdacarrier 
504 |a Includes bibliographical references (pages [236]-256) and index. 
600 1 0 |a Cook, James,  |d 1728-1779. 
650 0 |a Explorers  |z Great Britain  |v Biography. 
650 0 |a Discoveries in geography  |x British  |x History  |y 18th century. 
650 0 |a Seafaring life  |x History  |y 18th century. 
938 |a Baker and Taylor  |b BTCP  |n BK0007155429 
938 |a YBP Library Services  |b YANK  |n 2751938 
938 |a Baker & Taylor  |b BKTY  |c 35.00  |d 35.00  |i 1845114833  |n 0007155429  |s active 
938 |a Blackwell Book Service  |b BBUS  |n R0709834  |c $35.00 
945 |a PromptCat  |b 436945 
946 |a stk 
947 |a A14836801813 
994 |a 92  |b TXA 
948 |a cataloged  |b h  |c 2008/6/18  |d c  |e asalazar  |f 2:07:44 pm 
999 |a MARS 
999 f f |s 50384415-d35b-3082-8996-13927fb5a90d  |i 7562e2b6-589e-3ec3-b484-dbb2301ef0dd  |t 0 
952 f f |p normal  |a Texas A&M University  |b College Station  |c Sterling C. Evans Library  |d Evans: Library Stacks  |t 0  |e G246.C7 O88 2008  |h Library of Congress classification  |i unmediated -- volume  |m A14836801813 
998 f f |a G246.C7 O88 2008  |t 0  |l Evans: Library Stacks